Statistics for Spanish Vocabulary Words That Start With I

Click here to take the quiz!

General Stats

  • This quiz has been taken 1,821 times
  • The average score is 27 of 39

Answer Stats

English español % Correct
importantimportante
95%
Englishingles
93%
ItalyItalia
92%
intelligentinteligente
90%
churchiglesia
90%
impossibleimposible
89%
islandisla
88%
winterinvierno
87%
informationinformación
87%
languageidioma
86%
Indiaindia
85%
equaligual
84%
to inviteinvitar
83%
to informinformar
82%
illegalilegal
80%
to importimportar
80%
to insistinsistir
79%
leftizquierda
76%
insectinsecto
74%
to inspireinspirar
73%
to infectinfectar
73%
innocentinocente
71%
impatientimpaciente
71%
Englandinglaterra
69%
ingredientingrediente
69%
to includeincluir
68%
to installinstalar
65%
imageimagen
60%
influenceinfluencia
59%
includedincluido
58%
interestedinteresado
58%
independentindependiente
58%
hellinfierno
53%
engineeringeniero
51%
taximpuesto
44%
to printimprimir
42%
floodinundación
28%
to impressimpresionar
26%
to investinvertir
21%

Score Distribution

Percentile by Number Answered

Percent of People with Each Score

Your Score History

You have not taken this quiz